000 00382 a2200097 4500
020 _a9261042511
920 _a92-61-04251-1
245 0 _aCCIR Plenary Assembly Duesseldorf, 1990 :
_bRecommendations : Fixed Service Using Radio-Relay Systems /
_c.
_nVol.9 Part1+Annex
710 2 _aInternational Telecommunication Union.
_eWydawca
_4pbl
260 _aGeneva :
_bITU,
_c1990.
300 _aXXVI, 139 s.+Annex;
_c30 cm.
999 _c10714
_d10714